| Tag |
First Indicator |
Second Indicator |
Subfields |
| LEADER |
00000cam a22000001a 4500 |
| 001 |
in00003063708 |
| 005 |
20190403174720.0 |
| 006 |
m o d |
| 007 |
cr un mmmapmmp |
| 008 |
080308s1945 dcud o f000 0 eng d |
| 035 |
|
|
|a cis2004222248
|
| 040 |
|
|
|a UMI
|c UMI
|d UtOrBLW
|
| 043 |
|
|
|a n-us---
|
| 099 |
|
|
|a ProQuest Serial Set Number 10970 H.doc.362
|
| 110 |
1 |
|
|a United States.
|b Congress.
|b House.
|b Committee on Appropriations.
|
| 245 |
1 |
0 |
|a Supplemental estimate of appropriation for the Post Office Department. Communication from the President of the United States transmitting supplemental estimate of appropriation for the fiscal year 1946 in the amount of $65,000, together with an amendment to a previous submission, for the Post Office Department.
|
| 246 |
1 |
|
|a Supplemental estimate for Post Office Department, 1946
|
| 264 |
|
1 |
|a Washington :
|b [publisher not identified],
|c 1945.
|
| 300 |
|
|
|a 1 online resource.
|
| 336 |
|
|
|a text
|b txt
|2 rdacontent
|
| 337 |
|
|
|a computer
|b c
|2 rdamedia
|
| 338 |
|
|
|a online resource
|b cr
|2 rdacarrier
|
| 490 |
0 |
|
|a H.doc.362
|
| 500 |
|
|
|a Record is based on bibliographic data in ProQuest U.S. Serial Set Digital Collection (last viewed Mar. 2008). Reuse except for individual research requires license from ProQuest, LLC.
|
| 510 |
3 |
|
|a ProQuest U.S. Serial Set Digital Collection
|
| 500 |
|
|
|a Electronic resource.
|
| 610 |
1 |
0 |
|a United States.
|b Post Office Department.
|
| 650 |
|
0 |
|a Budget
|z United States.
|
| 650 |
|
0 |
|a Presidents
|z United States
|v Messages.
|
| 655 |
|
7 |
|a Electronic books.
|2 local
|
| 710 |
2 |
|
|a ProQuest (Firm)
|
| 830 |
|
0 |
|a United States congressional serial set.
|
| 856 |
4 |
0 |
|u http://proxy.library.tamu.edu/login?url=http://congressional.proquest.com/congcomp/getdoc?SERIAL-SET-ID=10970+H.doc.362
|z Connect to the full text of this electronic book
|t 0
|
| 999 |
|
|
|a MARS
|
| 999 |
f |
f |
|s 01700c49-4874-31b1-b042-a37703f49f67
|i 84426267-b005-3a74-b175-0eaa3337f8b9
|t 0
|
| 952 |
f |
f |
|a Texas A&M University
|b College Station
|c Electronic Resources
|d Available Online
|t 0
|e ProQuest Serial Set Number 10970 H.doc.362
|h Other scheme
|
| 998 |
f |
f |
|a ProQuest Serial Set Number 10970 H.doc.362
|t 0
|l Available Online
|